000 00296nam a22001337a 4500
003 SGT
020 _a978-93-325-8118-01
082 _a658.4
_bLEV
100 _aLEVIN, RICHARD J.
245 _aSTATISTICS FOR MANAGEMENT
260 _aDELHI
_bPEARSON
_c2018
300 _a985
942 _2ddc
_cBK
_02
999 _c19043
_d19043